X-Factor Finalists Quiz Stats

 Plays Quiz not verified by Sporcle

Score 0/69 Timer 05:00
0 Plays Today
Year Contestant % Correct
Series 6Olly Murs
66.7%
Series 5Alexandra Burke
66.7%
Series 5JLS
64.1%
Series 6Joe McElderry
53.8%
Series 3Leona Lewis
53.8%
Series 6John And Edward
48.7%
Series 1Steve Brookstein
43.6%
Series 6Stacey Soloman
41%
Series 2Shayne Ward
41%
Series 6Miss Frank
38.5%
Series 6Jamie Archer
35.9%
Series 4Leon Jackson
30.8%
Series 3Ray Quinn
30.8%
Series 1G4
30.8%
Series 6Danyl Johnson
28.2%
Series 5Eoghan Quigg
25.6%
Series 5Diana Vickers
25.6%
Series 6Lucie Jones
23.1%
Series 6Rachel Adedeji
23.1%
Series 2Andy Abraham
23.1%
Series 4Rhydian Roberts
17.9%
Series 4Same Difference
17.9%
Series 6Kandi
15.4%
Series 5Ruth Lorenzo
15.4%
Series 6Rikki Loney
12.8%
Series 5Laura White
12.8%
Series 5Girlband
12.8%
Series 3Ben Mills
12.8%
Series 2The Conway Sisters
12.8%
Series 5Bad Lashes
10.3%
Series 4Hope
10.3%
Series 2Journey South
10.3%
Series 3The MacDonald Brothers
7.7%
Series 34Sure
7.7%
Series 24Tune
7.7%
Year Contestant % Correct
Series 5Austin Drage
5.1%
Series 5Scott Bruton
5.1%
Series 3Robert Allen
5.1%
Series 3Nikitta Angus
5.1%
Series 3The Unconventionals
5.1%
Series 2Addictiv Ladies
5.1%
Series 12 To Go
5.1%
Series 6Llyod Daniels
2.6%
Series 5Daniel Evans
2.6%
Series 4Alisha Bennett
2.6%
Series 4Futureproof
2.6%
Series 2Brenda Edwards
2.6%
Series 2Chico Slimani
2.6%
Series 2Maria Lawson
2.6%
Series 1Tabby Callaghan
2.6%
Series 1Cassie Compton
2.6%
Series 1Voices With Soul
2.6%
Series 1Roberta Howett
2.6%
Series 5Rachel Hylton
0%
Series 4Niki Evans
0%
Series 4Beverley Trotman
0%
Series 4Andy Williams
0%
Series 4Emily Nakanda (withdrew)
0%
Series 4Daniel DeBourg
0%
Series 4Kimberley Southwick
0%
Series 3Eton Road
0%
Series 3Ashley McKenzie
0%
Series 3Kerry McGregor
0%
Series 3Dionne Mitchell
0%
Series 2Nicholas Dorsett
0%
Series 2Chenai Zinyuku
0%
Series 2Phillip Magee
0%
Series 1Rowetta Satchell
0%
Series 1Verity Keays
0%

You're not logged in!

Compare scores with friends on all Sporcle quizzes.
OR
Log In

Show Comments

Extras

Top Quizzes Today


Score Distribution

Your Account Isn't Verified!

In order to create a playlist on Sporcle, you need to verify the email address you used during registration. Go to your Sporcle Settings to finish the process.

Report this User

Report this user for behavior that violates our Community Guidelines.

Details: